Branč germánska osada z 2. až 4. storočia

Bibliographic Details
Main Authors: Kolník, Titus, 1932-2017 (Author), Varsik, Vladimír, 1964- (Author), Vladár, Jozef, 1934-2025 (Author)
Format: Book
Language:Slovak
German
PhysicalDescription:367 s. fotogr. 29 cm
Published: Nitra Archeologický ústav SAV 2007
ISBN:9788088709985
Edition:[1. vyd.]
Series:Archeologica Slovaca monographiae catalogi tomus 10
Subjects:

MARC

LEADER 00000nam a2200000 a 4500
001 vtls009150492
003 SK-MaSNL
005 20260302005446.0
008 240318s2007 xo a f a 000 0 slo
015 |a SNBA2007/11-05225 
020 |a 9788088709985  |q (brož.) 
035 |a 909A9C6A-B0F0-4135-9025-38956C37D745 
035 |a urn:nbn:sk:snk-amjvb4 
035 |a urn:nbn:sk:snk-am00845b 
040 |a SNK  |b slo  |c SNK  |e AACR2 
041 0 |a slo  |a ger 
043 |a e-xo--- 
044 |a xo  |c SK 
072 7 |a 902  |x Archeológia  |2 konspekt 
080 |a 902:904  |2 2001 
080 |a (437.6)  |2 2001 
080 |a (048.8)  |2 2001 
080 |a 902.2  |2 2001 
100 1 |a Kolník, Titus,  |d 1932-2017  |4 aut  |9 14050 
245 1 0 |a Branč  |b germánska osada z 2. až 4. storočia  |b [... projekt 2/6126/26 a 2/5061/5 grantovej agentúry VEGA]  |c Titus Kolník, Vladimír Varsik, Jozef Vladár 
246 1 1 |a Eine germanische Siedlung vom 2. bis zum 4. Jahrhundert 
250 |a [1. vyd.] 
260 |a Nitra  |b Archeologický ústav SAV  |c 2007 
300 |a 367 s.  |b fotogr.  |c 29 cm 
490 1 |a Archeologica Slovaca monographiae catalogi  |v tomus 10 
500 |a Zozn. 
546 |a Súbež. text a názov nem. 
648 7 |a 2.-4. stor.  |2 SNKPH  |9 329948 
650 0 7 |a archeologické nálezy  |2 SNKPH  |9 4975 
650 0 7 |a germánske osady  |2 SNKPH  |9 646936 
650 0 7 |a archeologické výskumy  |2 SNKPH  |9 74796 
651 7 |a Branč (Slovensko)  |2 SNKPH  |9 92258 
655 7 |a štúdie  |2 SNKPH  |9 57033 
700 1 |a Varsik, Vladimír,  |d 1964-  |4 aut  |9 191066 
700 1 |a Vladár, Jozef,  |d 1934-2025  |4 aut  |9 85377 
919 |a 978-80-88709-98-5 
958 |a OND 
968 |d 90 
999 |c 999541  |d 1001471 
952 |a SNK  |b SNK  |y PREZ  |7 0  |p 17A0564908  |o snkSB 75062  |i snk2007/22326  |8 0  |0 0  |1 0  |4 0  |d 2007-10-17  |f 1  |l 0  |r 2025-04-25 00:00:00  |w 2026-02-24 
952 |a SNK  |b SNK  |y VYP  |7 0  |p 17A0564909  |o snkSB 75062 D1  |i snk2007/22327  |8 0  |0 0  |1 0  |4 0  |d 2007-10-17  |l 0  |r 2016-06-30 00:00:00  |w 2026-02-24